000 01874nam0a2200337 i 4500
001 RU\NLR\BIBL_A\011396348
005 20240922034528.0
010 _a9785888144756
_9500
021 _aRU
_b2017-32685
_92400
035 _a(RuMoRGB)008877190
035 _a(NLR Aleph) 011396348
090 _a11481308
_c11481308
100 _a20170530d2016 u y0rusy50 ca
101 0 _arus
102 _aRU
105 _aa|||j|||000zy
200 1 _aТехническая эксплуатация автомобилей с газобаллонным оборудованием
_eучебное пособие
_fС.Л. Горин, П.В. Харламов, С.А. Вялов
_gРОСЖЕЛДОР, Федеральное государственное бюджетное образовательное учреждение высшего образования "Ростовский государственный университет путей сообщения" (ФГБОУ ВО РГУПС)
210 _aРостов-на-Дону
_cРедакционно-издательский центр ФГБОУ ВО РГУПС
_d2016
215 _a59 с.
_cил.
_d21
320 _aБиблиогр.: с. 59 (5 назв.)
606 1 _aГазобаллонные автомобили
_jУчебные издания для высших учебных заведений
_xЭксплуатация
_92203768
_3RU\NLR\AUTH\661324134
610 0 _aгазобаллонные автомобили
686 _aО333.55-082я73-1
_2rubbk
686 1 _aО333.55-082я73-1
700 1 _aГорин
_bС. Л.
_gСтанислав Леонидович
701 1 _aХарламов
_bП. В.
_gПавел Викторович
701 1 _aВялов
_bС. А.
_gСергей Алифтинович
942 _cBOOK
980 _aNBR